000
00402nam a2200133Ia 4500
008
100328s9999 xx 000 0 und d
082
_b
17476
100
_a
पंडित प्रकाश
245
_a
फैज अहमद फैज
260
_b
शिक्षा भारती
630
_a
फैज अहमद फैज
730
_a
फैज अहमद फैज
942
_c
BOOK
999
_c
512047
_d
512044